| 000 | 00941cab a2200277 4500 | ||
|---|---|---|---|
| 001 | ABS59014 | ||
| 008 | 090401t1998 xxu||||| |||| 00| 0 eng d | ||
| 035 | _a(Sirsi) u87387 | ||
| 041 | _aeng | ||
| 100 | _aLarkin, D | ||
| 245 | _aBypass the vortex between indemnity and liability | ||
| 260 | _c1998 | ||
| 350 | _a0 | ||
| 490 |
_aProperty Week _v63(10) 19 June 1998, 36(1) |
||
| 520 | _aConsiders the interface between professional indemnity cover and public liability cover. Discusses the position of property managers and the need to ensure that insurers are clear on the cover they are being asked to provide. | ||
| 650 | _aNEGLIGENCE | ||
| 650 | _aPROFESSIONAL INDEMNITY INSURANCE | ||
| 650 | _aPROPERTY MANAGER | ||
| 650 | _aPUBLIC LIABILITY INSURANCE | ||
| 650 | _aSHOPPING CENTRES | ||
| 650 | _aSUBROGATION | ||
| 650 | _aTENANTS | ||
| 690 | _aCOMMERCIAL PROPERTY-MANAGEMENT | ||
| 942 | _n0 | ||
| 948 | _c14/07/1998 | ||
| 999 |
_c55106 _d55106 |
||